明治初期より人口の少ない旧国名(サドンデス) - Statistics

General Stats
  • This quiz has been taken 26 times
  • The average score is 3 of 12
Answers on the Grid
Answers color-coded by a green-red scale on the quiz's grid according to % correct below.
陸奥
陸中
陸前
羽後
羽前
岩城
岩代
常陸
下野
上野
武蔵
下総
上総
安房
相模
越後
佐渡
越中
能登
加賀
越前
若狭
甲斐
信濃
飛騨
美濃
伊豆
駿河
遠江
三河
尾張
伊勢
伊賀
志摩
近江
山城
丹波
丹後
摂津
河内
和泉
播磨
但馬
淡路
大和
紀伊
因幡
伯耆
出雲
隠岐
石見
備前
備中
美作
備後
安芸
周防
長門
阿波
讃岐
伊予
土佐
豊前
筑前
筑後
肥前
壱岐
対馬
肥後
豊後
日向
大隅
薩摩
 
Answer Stats
Answer % Correct
佐渡
71%
隠岐
65%
対馬
53%
壱岐
47%
能登
18%
安房
12%
丹後
12%
石見
12%
若狭
6%
但馬
6%
美作
6%
淡路
0%
No matching quizzes found
Score Distribution
Percent of People with Each Score
Percentile by Number Answered
Your Score History
You have not taken this quiz